000 00703nam a2200253 i 4500
001 bg
100 1 _aŚWIĘCKA, Iwona
245 0 0 _aNajpopularniejsze egzaminy językowe LCCI /
_coprac. Iwona Święcka.
260 _aWarszawa :
_b"Fraszka Edukacyjna",
_c2003.
300 _a38 s. ;
_c29 cm.
504 _aBibliogr.
650 9 _aEgzaminy
650 9 _aJęzyk angielski
655 _aĆwiczenia i zadania
015 _aPB 9095/2003
020 _a838883911X
040 _cBPK
041 0 _apol
080 _a811.111(079)
920 _a83-88839-11-X
942 _cKS
008 s pl f |000 0 pol
999 _c45965
_d45965
856 _uhttp://koha.tu.koszalin.pl/cgi-bin/koha/opac-detail.pl?biblionumber=45965
_yKatalog online BPK